Некоторые вопросы формирования химического состава подземных вод низкогорных районов юго-восточной части Западной Сибири (в связи с гидрогеохимическими поисками); Гидрогеохимические методы поисков рудных месторождений

Dettagli Bibliografici
Parent link:Гидрогеохимические методы поисков рудных месторождений.— 1982.— С. 91-96
Autore principale: Шварцев С. Л. Степан Львович
Altri autori: Копылова Ю. Г. Юлия Григорьевна, Тупчий З. В.
Lingua:russo
Pubblicazione: 1982
Soggetti:
Natura: MixedMaterials Capitolo di libro
KOHA link:https://koha.lib.tpu.ru/cgi-bin/koha/opac-detail.pl?biblionumber=154001

MARC

LEADER 00000naa2a2200000 4500
001 154001
005 20231031151631.0
035 |a (RuTPU)RU\TPU\book\167051 
090 |a 154001 
100 |a 20090219d1982 k y0rusy50 ca 
101 0 |a rus 
102 |a RU 
200 1 |a Некоторые вопросы формирования химического состава подземных вод низкогорных районов юго-восточной части Западной Сибири (в связи с гидрогеохимическими поисками)  |f С. Л. Шварцев, Ю. Г. Копылова, З. В. Тупчий 
463 0 |0 (RuTPU)RU\TPU\book\92026  |t Гидрогеохимические методы поисков рудных месторождений  |f Академия наук СССР; Сибирское отделение; Институт геохимии им. А. П. Виноградова СО АН СССР; под ред. В. В. Поликарпочкина; П. А. Удодова  |v С. 91-96  |d 1982  |p 199 с. 
610 1 |a труды учёных ТПУ 
700 1 |a Шварцев  |b С. Л.  |c российский гидрогеолог, доктор геолого-минералогических наук  |c профессор Томского политехнического университета, академик РАЕН  |f 1936-  |g Степан Львович  |2 stltpush  |3 (RuTPU)RU\TPU\pers\25914 
701 1 |a Копылова  |b Ю. Г.  |c гидрогеолог  |c доцент Томского политехнического университета, кандидат геолого-минералогических наук  |c директор учебно-научно-производственного центра «Вода»  |f 1941-  |g Юлия Григорьевна  |2 stltpush  |3 (RuTPU)RU\TPU\pers\26086 
701 1 |a Тупчий  |b З. В. 
801 1 |a RU  |b 63413507  |c 20090219  |g PSBO 
801 2 |a RU  |b 63413507  |c 20141216  |g PSBO 
942 |c BK